[Event "Tilburg"]
[Site "Tilburg"]
[Date "1989.??.??"]
[Round "1"]
[White "Kortschnoj, Viktor"]
[Black "Hjartarson, Johann"]
[Result "1-0"]
[WhiteElo "2655"]
[BlackElo "2555"]

1.c4 c5 2.Nf3 Nf6 3.Nc3 e6 4.d4 cxd4 5.Nxd4 Bb4 6.Nb5 O-O 7.a3 Bxc3+ 8.Nxc3 d5
9.Bg5 Nc6 10.e3 d4 11.exd4 Qxd4 12.Qxd4 Nxd4 13.Bd3 e5 14.O-O h6 15.Bxf6 gxf6
16.f4 Be6 17.Rae1 Rfd8 18.fxe5 Nc6 19.Be4 fxe5 20.Bd5 Re8 21.Re3 Rad8 22.Ne4 Rf8
23.Rg3+ Kh7 24.Bxe6 fxe6 25.Rxf8 Rxf8 26.Rf3 Rf4 27.Re3 b6 28.g3 Rf8 29.c5 bxc5
30.Nxc5 Rb8 31.b4 Nd4 32.Nd7 Rb5 33.Kg2 Rd5 34.Nf6+  1-0

[Event "Tilburg"]
[Site "Tilburg"]
[Date "1989.??.??"]
[Round "2"]
[White "Kortschnoj, Viktor"]
[Black "Ivanchuk, Vassily"]
[Result "1/2-1/2"]
[WhiteElo "2655"]
[BlackElo "2660"]

1.c4 Nf6 2.Nc3 c5 3.Nf3 e6 4.g3 b6 5.Bg2 Bb7 6.O-O a6 7.b3 d6 8.Bb2 Be7 9.d4 cxd4
10.Nxd4 Bxg2 11.Kxg2 Qc8 12.e3 Nc6 13.Rc1 Nxd4 14.exd4 d5 15.cxd5 Qb7 16.Qf3 exd5
17.Rc2 O-O 18.Rfc1 Bb4 19.Nd1 Rfc8 20.Ne3 Bf8 21.Qf5 Rxc2 22.Qxc2 b5 23.Qc6 Qxc6
24.Rxc6 a5 25.a3 b4 26.a4 Be7 27.g4 Kf8 28.f3 Ke8 29.Nf5 Bf8 30.Bc1 Kd7 31.Rb6 Kc7
32.Rb5 Kc6 33.Bg5 Nd7 34.Ne7+ Bxe7 35.Bxe7 Re8 36.Bc5 Re3 37.Rxa5  1/2-1/2

[Event "Tilburg"]
[Site "Tilburg"]
[Date "1989.??.??"]
[Round "2"]
[White "Sax, Gyula"]
[Black "Agdestein, Simen"]
[Result "1/2-1/2"]
[WhiteElo "2580"]
[BlackElo "2605"]

1.e4 e5 2.Nf3 Nc6 3.Bb5 a6 4.Ba4 Nf6 5.O-O Be7 6.Re1 b5 7.Bb3 d6 8.c3 O-O
9.h3 Be6 10.d4 Bxb3 11.axb3 Re8 12.d5 Nb8 13.Na3 c6 14.dxc6 Nxc6 15.Nc2 h6
16.Ne3 Bf8 17.Nh2 Ne7 18.Neg4 Ng6 19.Nxf6+ Qxf6 20.Ng4 Qe6 21.Ne3 Nf4 22.h4 Qg6
23.g3 d5 24.Nxd5 Nxd5 25.exd5 f5 26.c4 Rac8 27.d6 Qxd6 28.Qxd6 Bxd6 29.Rxa6 Bb4
30.Rd1 bxc4 31.Ra4 Rb8 32.bxc4 Rec8 33.Rd7 Rxc4 34.Bd2 Re4 35.Be3 Bf8 36.Rxe4 fxe4
37.Rd2 Kf7 38.Kf1 Ke6 39.Rc2 Be7 40.Ke2 Rb5 41.Rc6+ Kd5 42.Rb6 Rxb6 43.Bxb6 h5
44.Kd2 Bb4+ 45.Kc2 Kc4 46.b3+ Kb5 47.Ba7 g6 48.Kd1 Kc6 49.Ke2 Kd5 50.Be3 Ba5
51.Bd2 Bd8 52.Bg5 Ba5 53.Be7 Bb6 54.Bf8  1/2-1/2

[Event "Tilburg"]
[Site "Tilburg"]
[Date "1989.??.??"]
[Round "2"]
[White "Hjartarson, Johann"]
[Black "Piket, Jeroen"]
[Result "1-0"]
[WhiteElo "2555"]
[BlackElo "2540"]

1.d4 Nf6 2.c4 e6 3.g3 d5 4.Bg2 dxc4 5.Nf3 Bd7 6.Ne5 Bc6 7.Nxc6 Nxc6 8.e3 Qd7
9.Qe2 e5 10.O-O O-O-O 11.Qxc4 exd4 12.exd4 Nxd4 13.Nc3 Qe6 14.Qa4 Qa6 15.Qxa6 bxa6
16.Bg5 Be7 17.Rac1 Kb8 18.Rfe1 Rhe8 19.Kf1 h6 20.Be3 Bb4 21.g4 Nb5 22.h3 Kc8
23.Re2 Nxc3 24.bxc3 Ba5 25.c4 Ne4 26.c5 c6 27.Bxh6 Nd2+ 28.Bxd2 Bxd2 29.Rxe8 Bxc1
30.Bxc6 Ba3 31.Re7 Bxc5 32.Rxf7 g5 33.Bb7+ Kb8 34.Bxa6 Rf8 35.Rxf8+ Bxf8
36.f4 gxf4 37.h4 Kc7 38.Ke2 Kd6 39.Kf3 Ke5 40.Bd3 Bb4 41.g5 a5 42.h5 Be7
43.Kg4 a4 44.h6 Bf8 45.Kh5  1-0

[Event "Tilburg"]
[Site "Tilburg"]
[Date "1989.??.??"]
[Round "3"]
[White "Ivanchuk, Vassily"]
[Black "Hjartarson, Johann"]
[Result "1/2-1/2"]
[WhiteElo "2660"]
[BlackElo "2555"]

1.e4 e5 2.Nf3 Nc6 3.Bb5 a6 4.Ba4 Nf6 5.O-O Nxe4 6.d4 b5 7.Bb3 d5 8.dxe5 Be6
9.c3 Be7 10.Nbd2 O-O 11.Bc2 f5 12.Nd4 Nxd4 13.cxd4 Nxd2 14.Bxd2 c5 15.dxc5 Bxc5
16.Bb3 Qd7 17.Rc1 Rfc8 18.Bc3 a5 19.a3 Bb6 20.Rc2 a4 21.Ba2 d4 22.Bxd4 Bxa2
23.Bxb6 Qxd1 24.Rxc8+ Rxc8 25.Rxd1 Bb3 26.Re1 Kf7 27.h3 Ke6 28.Ba5 Rc2 29.Bc3 g5  1/2-1/2

[Event "Tilburg"]
[Site "Tilburg"]
[Date "1989.??.??"]
[Round "4"]
[White "Sax, Gyula"]
[Black "Piket, Jeroen"]
[Result "1-0"]
[WhiteElo "2580"]
[BlackElo "2540"]

1.e4 c5 2.Nf3 d6 3.d4 cxd4 4.Nxd4 Nf6 5.Nc3 g6 6.Be3 Bg7 7.f3 Nc6 8.Qd2 O-O
9.O-O-O d5 10.Qe1 e6 11.h4 Qe7 12.Nb3 Rd8 13.exd5 Nxd5 14.Bg5 Nf6 15.Rxd8+ Qxd8
16.Ne4 a5 17.a3 a4 18.Nbc5 h6 19.Nxf6+ Bxf6 20.Bxf6 Qxf6 21.Ne4 Qd4 22.Bb5 Kg7
23.Qc3 Qxc3 24.Nxc3 Nd4 25.Bxa4 e5 26.Re1 f6 27.f4 b5 28.Bxb5 Nxb5 29.Nxb5 exf4
30.Re8 Ra5 31.c4 Bg4 32.b4 Ra6 33.c5 g5 34.Kb2 gxh4 35.Nd4 Kf7 36.Re4 f5
37.Rxf4 Kf6 38.b5 Ra8 39.Nc6 Kg5 40.Rf2 f4 41.b6 Bd7 42.Ne5 Bc8 43.Rd2 Kf5
44.c6 f3 45.Nxf3  1-0

[Event "Tilburg"]
[Site "Tilburg"]
[Date "1989.??.??"]
[Round "4"]
[White "Hjartarson, Johann"]
[Black "Ljubojevic, Ljubomir"]
[Result "1-0"]
[WhiteElo "2555"]
[BlackElo "2635"]

1.d4 Nf6 2.c4 e6 3.Nc3 d5 4.Bg5 Nbd7 5.cxd5 exd5 6.e3 c6 7.Bd3 Bd6 8.Nf3 Nf8
9.Ne5 Qb6 10.O-O Bxe5 11.dxe5 Ng4 12.Qa4 Qxb2 13.Rac1 a5 14.Nb5 Ne6 15.Nd6+ Kf8
16.Qxg4 Qxe5 17.Nxc8 h5 18.Nb6 hxg4 19.Nd7+ Ke8 20.Nxe5 Nxg5 21.Rb1 Ne6 22.Rxb7 Rh5
23.Nxf7 Nc5 24.Bg6  1-0

[Event "Tilburg"]
[Site "Tilburg"]
[Date "1989.??.??"]
[Round "5"]
[White "Agdestein, Simen"]
[Black "Hjartarson, Johann"]
[Result "1/2-1/2"]
[WhiteElo "2605"]
[BlackElo "2555"]

1.d4 Nf6 2.c4 e6 3.Nc3 Bb4 4.Bd2 O-O 5.a3 Bxc3 6.Bxc3 b6 7.e3 Ne4 8.Qc2 Bb7
9.O-O-O Nxc3 10.Qxc3 c5 11.dxc5 bxc5 12.h4 Qf6 13.Qxf6 gxf6 14.Ne2 Rd8 15.Nc3 Kf8
16.Rg1 Ke7 17.f4 Nc6 18.Kc2 h6 19.g4 d6 20.Be2 Rab8 21.b3 Ba8 22.Rb1 Rg8
23.Rgd1 Rb6 24.Rb2 Rgb8  1/2-1/2

[Event "Tilburg"]
[Site "Tilburg"]
[Date "1989.??.??"]
[Round "6"]
[White "Ljubojevic, Ljubomir"]
[Black "Ivanchuk, Vassily"]
[Result "1-0"]
[WhiteElo "2635"]
[BlackElo "2660"]

1.e4 c5 2.Nf3 d6 3.d4 cxd4 4.Nxd4 Nf6 5.Nc3 a6 6.Bg5 e6 7.f4 Nc6 8.e5 h6
9.Bh4 dxe5 10.Nxc6 Qxd1+ 11.Rxd1 bxc6 12.fxe5 Nd5 13.Ne4 Be7 14.Bf2 Rb8 15.Bd4 Nb4
16.Rd2 Nxa2 17.c3 Nc1 18.Bc4 Nb3 19.Bxb3 Rxb3 20.Bc5 a5 21.Nd6+ Bxd6 22.Bxd6 Ba6
23.Kf2 f5 24.Ra1 Kf7 25.Rxa5 Bc4 26.Ra7+ Kg6 27.Ke3 Rb5 28.b4 h5 29.Rd4  1-0

[Event "Tilburg"]
[Site "Tilburg"]
[Date "1989.??.??"]
[Round "6"]
[White "Piket, Jeroen"]
[Black "Agdestein, Simen"]
[Result "1/2-1/2"]
[WhiteElo "2540"]
[BlackElo "2605"]

1.d4 Nf6 2.Nf3 e6 3.c4 b6 4.g3 Bb7 5.Bg2 Bb4+ 6.Bd2 c5 7.O-O O-O 8.Bxb4 cxb4
9.Qd3 d6 10.Nbd2 Qc7 11.Rfd1 Re8 12.Rac1 Nbd7 13.Nh4 Rac8 14.Bxb7 Qxb7 15.e4 g6
16.Ng2 e5 17.Ne3 Qa6 18.Ra1 Qa5 19.f3 exd4 20.Qxd4 Ne5 21.Kg2 Re6 22.a4 Nc6
23.Qd3 Qe5 24.b3 Nd7 25.Qd5 Qg7 26.Rab1 Nc5 27.Ndf1 Na5 28.Qd2 Ncxb3 29.Qxb4 Nd4
30.Rd2 Qf6 31.Rf2 Ndc6 32.Qb5 Ne5 33.Qa6 Ree8 34.Qxa7 Nexc4 35.Nxc4 Nxc4
36.Qa6 Qd4 37.Qb5 Re5 38.Qb3 Rec5 39.Rd1 Qe5 40.Nd2 Qb2 41.Qd3 Ne5 42.Qxd6 Qc2
43.Nf1 Qxa4 44.Ne3 Nc4  1/2-1/2

[Event "Tilburg"]
[Site "Tilburg"]
[Date "1989.??.??"]
[Round "6"]
[White "Sax, Gyula"]
[Black "Kortschnoj, Viktor"]
[Result "1/2-1/2"]
[WhiteElo "2580"]
[BlackElo "2655"]

1.e4 c6 2.d4 d5 3.e5 Bf5 4.Nc3 e6 5.g4 Bg6 6.Nge2 f6 7.Nf4 fxe5 8.Nxg6 hxg6
9.dxe5 Nd7 10.Bf4 Bc5 11.Bd3 Ne7 12.Bg3 Qc7 13.Na4 a5 14.Qd2 b5 15.Nxc5 Nxc5
16.Qg5 Rh6 17.Qe3 Nxd3+ 18.cxd3 c5 19.Rc1 Rc8 20.O-O  1/2-1/2

[Event "Tilburg"]
[Site "Tilburg"]
[Date "1989.??.??"]
[Round "7"]
[White "Kortschnoj, Viktor"]
[Black "Ljubojevic, Ljubomir"]
[Result "1/2-1/2"]
[WhiteElo "2655"]
[BlackElo "2635"]

1.d4 Nf6 2.c4 e6 3.Nc3 Bb4 4.Qc2 O-O 5.a3 Bxc3+ 6.Qxc3 b6 7.Bg5 Bb7 8.Nf3 d6
9.Nd2 h6 10.Bh4 Nbd7 11.f3 c5 12.e4 Re8 13.Bf2 Rc8 14.dxc5 bxc5 15.Bd3 d5
16.cxd5 exd5 17.O-O dxe4 18.fxe4 Bxe4 19.Nxe4 Nxe4 20.Bxe4 Rxe4 21.Rad1 Qc7
22.Bg3 Qb7 23.Qf3 Nf8 24.Rde1 Re7 25.Qg4 Rce8 26.Rxe7 Rxe7 27.Qc4 Ne6 28.Be5 Rd7
29.Bc3 Rd5 30.Qa4 Qd7 31.Qxd7 Rxd7 32.Re1 Kf8 33.Re4 Rd6 34.Kf2 a6 35.b4 Rd5
36.Ke2 Kg8  1/2-1/2

[Event "Tilburg"]
[Site "Tilburg"]
[Date "1989.??.??"]
[Round "7"]
[White "Ivanchuk, Vassily"]
[Black "Piket, Jeroen"]
[Result "1/2-1/2"]
[WhiteElo "2660"]
[BlackElo "2540"]

1.c4 g6 2.d4 Nf6 3.Nc3 Bg7 4.e4 d6 5.f3 O-O 6.Be3 e5 7.d5 c6 8.Bd3 b5 9.a3 cxd5
10.cxd5 a6 11.Nge2 Ne8 12.O-O Nd7 13.Kh1 Kh8 14.b4 f5 15.exf5 gxf5 16.a4 bxa4
17.Rxa4 Rb8 18.Qc2 Nb6 19.Ra5 Qc7 20.Qa2 Nd7 21.Rc1 Qd8 22.b5 e4 23.Bb1 axb5
24.Rxb5 Rxb5 25.Nxb5 exf3 26.gxf3 Qe7 27.Bf2 Ba6 28.Nbd4 Bxe2 29.Nxe2 Ne5
30.Nd4 Qg5 31.Rc8 Qh5 32.Qe2 Nf6 33.Rxf8+ Bxf8 34.f4 Ng6 35.Qxh5 Nxh5 36.Nxf5 Nhxf4
37.Be4  1/2-1/2

[Event "Tilburg"]
[Site "Tilburg"]
[Date "1989.??.??"]
[Round "7"]
[White "Hjartarson, Johann"]
[Black "Sax, Gyula"]
[Result "1/2-1/2"]
[WhiteElo "2555"]
[BlackElo "2580"]

1.d4 Nf6 2.c4 e6 3.Nc3 Bb4 4.Bg5 h6 5.Bh4 c5 6.d5 Bxc3+ 7.bxc3 d6 8.e3 e5
9.Bd3 e4 10.Bc2 Qe7 11.Ne2 Nbd7 12.Ba4 O-O 13.Bxd7 Bxd7 14.Bxf6 Qxf6 15.Qb1  1/2-1/2

[Event "Tilburg"]
[Site "Tilburg"]
[Date "1989.??.??"]
[Round "9"]
[White "Ivanchuk, Vassily"]
[Black "Kortschnoj, Viktor"]
[Result "0-1"]
[WhiteElo "2660"]
[BlackElo "2655"]

1.d4 Nf6 2.c4 e6 3.g3 d5 4.Bg2 dxc4 5.Nf3 Nc6 6.Qa4 Bb4+ 7.Bd2 Nd5 8.Bxb4 Nxb4
9.a3 b5 10.Qxb5 Nc2+ 11.Kd2 Nxa1 12.Qxc6+ Bd7 13.Qxc4 c5 14.Qa2 Qa5+ 15.b4 cxb4
16.Qxa1 Rc8 17.Ne5 Bb5 18.Ke3 Rc2 19.Bf3 O-O 20.a4 f6 21.Nd3 Bc4 22.Nd2 Qg5+
23.Nf4 e5 24.Nxc4 exf4+ 25.gxf4 Qf5 26.Nd6 Qe6+  0-1

[Event "Tilburg"]
[Site "Tilburg"]
[Date "1989.??.??"]
[Round "9"]
[White "Piket, Jeroen"]
[Black "Hjartarson, Johann"]
[Result "1-0"]
[WhiteElo "2540"]
[BlackElo "2555"]

1.d4 Nf6 2.Nf3 d5 3.c4 e6 4.Nc3 Be7 5.Bg5 Nbd7 6.e3 O-O 7.Rc1 a6 8.Qc2 dxc4
9.Bxc4 c5 10.dxc5 Nxc5 11.O-O b5 12.Be2 b4 13.Na4 Nxa4 14.Qxa4 Bd7 15.Qc2 h6
16.Bh4 Rc8 17.Qd2 a5 18.Qd4 Nd5 19.Bxe7 Qxe7 20.Ne5 Rfd8 21.Ba6 Rxc1 22.Rxc1 Be8
23.Qc5 f6 24.Nd3 Qxc5 25.Nxc5 Bf7 26.Kf1 e5 27.Ke2 Rd6 28.Bb5 Bh5+ 29.f3 Bf7
30.Nb7 Rb6 31.Rc8+ Kh7 32.Bd3+ Bg6 33.Nxa5 Bxd3+ 34.Kxd3 Rd6 35.Nc4 Ra6 36.Rc5 Ne7
37.Ra5 Rc6 38.Rb5 Ra6 39.Rxb4 Rxa2 40.Rb7 Nc6 41.Nd6 Ra1 42.Ne8 Rd1+ 43.Ke2  1-0

[Event "Tilburg"]
[Site "Tilburg"]
[Date "1989.??.??"]
[Round "9"]
[White "Agdestein, Simen"]
[Black "Sax, Gyula"]
[Result "1/2-1/2"]
[WhiteElo "2605"]
[BlackElo "2580"]

1.d4 Nf6 2.c4 e6 3.Nf3 b6 4.g3 Ba6 5.Nbd2 Bb4 6.Qc2 Bb7 7.Bg2 c5 8.O-O cxd4
9.Nxd4 Bxg2 10.Kxg2 O-O 11.Rd1 Qc7 12.Qb3 Na6 13.a3 Be7 14.Qf3 Qe5 15.Qf4 Qxf4
16.gxf4 Nc5 17.b3 Rac8 18.Bb2 Nh5 19.Kf3 Bf6 20.e3 Nd3 21.Bc3 d5 22.Ke2 dxc4
23.bxc4 Nc5 24.a4 Rfd8 25.Nb5 a6 26.Bxf6 Nxf6 27.Nd4 Nb7 28.N4b3 Kf8 29.a5  1/2-1/2

[Event "Tilburg"]
[Site "Tilburg"]
[Date "1989.??.??"]
[Round "11"]
[White "Ljubojevic, Ljubomir"]
[Black "Hjartarson, Johann"]
[Result "1-0"]
[WhiteElo "2635"]
[BlackElo "2555"]

1.e4 e5 2.Nf3 Nc6 3.Bc4 Bc5 4.c3 Nf6 5.b4 Bb6 6.d3 d6 7.Nbd2 Ne7 8.Bb3 c6
9.O-O Ng6 10.a4 O-O 11.a5 Bc7 12.Re1 d5 13.Nf1 Be6 14.g3 h6 15.Qc2 Rc8 16.Kg2 Qd7
17.Ng1 Bd6 18.Ne3 Rfd8 19.Rd1 Bf8 20.Rb1 b5 21.axb6 axb6 22.f3 b5 23.Ne2 Qa7
24.Qb2 Ra8 25.Bc2 Qb6 26.Ra1 Rxa1 27.Qxa1 Qb7 28.Qb1 Ra8 29.Bb3 Qa7 30.exd5 cxd5
31.d4 e4 32.fxe4 Nxe4 33.Nxd5 Re8 34.Ne3 Ng5 35.Bxe6 Rxe6 36.h4 Ne4 37.Qd3 Qd7
38.h5 Nxg3 39.hxg6 Nxe2 40.Qxe2 Rxg6+ 41.Kf2 Qc7 42.Qxb5 Qh2+ 43.Kf3 Rg5
44.Qd7 f5 45.Nxf5 Qh3+ 46.Ke4 Qg2+ 47.Kd3 Qh3+ 48.Ke4 Qg2+ 49.Kd3 Qh3+ 50.Be3 Rxf5
51.Qe6+ Kh8 52.Rg1 Qh5 53.Qg6 Qf3 54.Qg2 Qh5 55.Qg4 Qf7 56.Qg6 Qd5 57.c4 Qd7
58.b5 Rf6 59.Qg2 Qa7 60.Qb2 Rf3 61.b6 Qb7 62.Rg4  1-0

[Event "Tilburg"]
[Site "Tilburg"]
[Date "1989.??.??"]
[Round "11"]
[White "Piket, Jeroen"]
[Black "Sax, Gyula"]
[Result "1/2-1/2"]
[WhiteElo "2540"]
[BlackElo "2580"]

1.d4 Nf6 2.Nf3 e6 3.c4 b6 4.g3 Ba6 5.Nbd2 Bb4 6.Qa4 c5 7.dxc5 Bxc5 8.Bg2 Bb7
9.b4 Be7 10.Bb2 O-O 11.O-O Qc7 12.Rac1 d6 13.Rfd1 Nbd7 14.Nd4 Bxg2 15.Kxg2 Rfc8
16.Nf1 Qb7+ 17.Kg1 a6 18.Ne3 Ne5 19.Qb3 b5 20.cxb5 axb5 21.a3 Nc6 22.Nxc6 Rxc6
23.Rxc6 Qxc6 24.Rc1 Qb7 25.Qc3 Ne8 26.Qc6 Qxc6 27.Rxc6 Rb8 28.Nc2 Kf8 29.e3 Bd8
30.Kf1  1/2-1/2

[Event "Tilburg"]
[Site "Tilburg"]
[Date "1989.??.??"]
[Round "12"]
[White "Hjartarson, Johann"]
[Black "Agdestein, Simen"]
[Result "1/2-1/2"]
[WhiteElo "2555"]
[BlackElo "2605"]

1.e4 c5 2.Nf3 Nc6 3.d4 cxd4 4.Nxd4 Qb6 5.Nb3 Nf6 6.Nc3 e6 7.Bd3 Be7 8.Be3 Qc7
9.f4 d6 10.Qf3 a6 11.O-O-O b5 12.g4 Nb4 13.Kb1 d5 14.e5 Nd7 15.Rhe1 Nb6 16.f5 Na4
17.Bd4 Nc6 18.fxe6 Nxc3+ 19.Bxc3 Bxe6 20.Nd4  1/2-1/2

[Event "Tilburg"]
[Site "Tilburg"]
[Date "1989.??.??"]
[Round "13"]
[White "Ivanchuk, Vassily"]
[Black "Ljubojevic, Ljubomir"]
[Result "1/2-1/2"]
[WhiteElo "2660"]
[BlackElo "2635"]

1.d4 Nf6 2.c4 e6 3.Nf3 b6 4.g3 Ba6 5.b3 Bb4+ 6.Bd2 Be7 7.Bg2 c6 8.Bc3 d5
9.Nbd2 Nbd7 10.O-O O-O 11.Re1 Bb7 12.e4 dxe4 13.Nxe4 c5 14.Nfg5 cxd4 15.Bxd4 Qc7
16.Nxf6+ Bxf6 17.Bxb7 Qxb7 18.Ne4 Be7 19.Qf3 Rab8 20.Qh5 e5 21.Bb2 f6 22.Rad1  1/2-1/2

[Event "Tilburg"]
[Site "Tilburg"]
[Date "1989.??.??"]
[Round "13"]
[White "Agdestein, Simen"]
[Black "Piket, Jeroen"]
[Result "1/2-1/2"]
[WhiteElo "2605"]
[BlackElo "2540"]

1.d4 Nf6 2.c4 e6 3.Nc3 Bb4 4.Qc2 d5 5.cxd5 exd5 6.Bg5 c5 7.a3 Bxc3+ 8.Qxc3 c4
9.g3 Nc6 10.Bg2 Be6 11.Nh3 h6 12.Bxf6 Qxf6 13.Nf4 Qxd4 14.Qxd4 Nxd4 15.Rd1 Nb3
16.Nxd5 O-O-O 17.f4 b5 18.a4 a6 19.axb5 axb5 20.Kf2 Bxd5 21.Bxd5 f6 22.e4 Kc7
23.Kf3 Kb6 24.Kg4 Kc5 25.Kh5 Nd4 26.b4+ cxb3 27.Rd3 b2 28.Rb1 f5 29.Rc3+ Kb6
30.Rxb2 fxe4 31.Bxe4 Rhe8 32.Bg6 Re6 33.f5 Re5 34.g4 Ne2 35.Rf3 Rd4 36.Bf7 Nf4+
37.Kh4 Nd3 38.Rd2 Ne1 39.Rdf2 Rd2 40.Rf4 Ng2+ 41.Kg3 Nxf4 42.Rxd2 Ne2+ 43.Kf3 Re7
44.Be6 Nc3 45.Kf4 b4 46.h4 Na4 47.Rd6+ Kc7 48.Ke5 b3 49.Rd4 b2 50.Rb4 Nc5
51.Kd4 Nxe6+  1/2-1/2

[Event "Tilburg"]
[Site "Tilburg"]
[Date "1989.??.??"]
[Round "14"]
[White "Sax, Gyula"]
[Black "Hjartarson, Johann"]
[Result "1/2-1/2"]
[WhiteElo "2580"]
[BlackElo "2555"]

1.e4 e5 2.Nf3 Nc6 3.Bb5 a6 4.Ba4 Nf6 5.O-O Be7 6.Re1 b5 7.Bb3 O-O 8.c3 d6
9.h3 Na5 10.Bc2 c5 11.d4 Qc7 12.Nbd2 Bd7 13.Nf1 Rfe8 14.Ng3 Rac8 15.dxe5 dxe5
16.Nf5 Bf8 17.Bg5 Nh5 18.Nxe5 Qxe5 19.Qxd7 f6 20.Qd1 Nf4 21.Bxf4 Qxf4 22.Qd5+ Kh8
23.Rad1 Qc7 24.Nd6 Bxd6 25.Qxd6 Nc4 26.Qxa6 Rb8 27.e5 fxe5 28.Bf5 Qf7 29.Bd7 Rf8
30.Re2 Rfd8 31.Qc6 Qe7 32.b3 Rb6 33.Qe4 Nd6 34.Qxe5 Qxd7 35.Qxc5 Ra6 36.c4 bxc4
37.bxc4 h6 38.Red2 Rc6 39.Qa5 Qc8 40.Qb4 Qc7 41.Qa3 Rxc4 42.Rxd6 Rxd6 43.Qxd6 Qxd6
44.Rxd6 Rc1+ 45.Kh2 Rc2 46.a4 Ra2 47.Rd4 Rxf2 48.h4 Ra2 49.Kg3 h5 50.Kf3 Kh7
51.g4 hxg4+ 52.Kxg4 Kg6 53.Kf4 Kf6 54.Rb4 Rh2 55.Ke3 Rh3+ 56.Kd2 Rh2+  1/2-1/2